01188cam a2200289 a 45000010009000000050017000090080041000260200018000670200015000850400033001000820024001331000028001572450061001852500012002462600085002583000043003435000024003865040041004106500036004516500035004876530020005226550024005429420024005669990017005909520145006079520146007521818096920150421123626.0140606t2015 paua frb 001 0 eng d a9781451190830 a1451190832 aDNLM/DLCcDLCdDLCdEG-ScBUE00a618.970231222bMIL1 aMiller, Carol A.93631810aNursing for wellness in older adults /cCarol A. Miller. a7th ed. aPhiladelphia :bWolters Kluwer Health / Lippincott Williams & Wilkins, cc.2015. axxvii, 626 p. :bill. (col.) ;c29 cm. aIndex : p. 615-626. aIncludes bibliographical references. 7aGeriatric nursing9289062BUEsh 7aHealth promotion9325062BUEsh bNNURcApril2015 vreading book934232 2ddck618.970231 MIL c19185d19157 00102ddc40708BaccahaMAINbMAINc1STd2015-04-14epurchaseg421.00h21925l0o618.970231 MILp000037998r2025-07-15 00:00:00v526.25yBB 00102ddc40708ايمكaMAINbMAINc1STd2015-04-20epurchaseg507.00h2446l0o618.970231 MILp000038036r2025-07-15 00:00:00v633.75yBB